UM Logo

College physical education 3: (Record no. 2213)

MARC details
000 -LEADER
fixed length control field 00669nam a22002057a 4500
008 - FIXED-LENGTH DATA ELEMENTS--GENERAL INFORMATION
fixed length control field 160502b xxu||||| |||| 00| 0 eng d
020 ## - INTERNATIONAL STANDARD BOOK NUMBER
International Standard Book Number 9789710445325
082 ## - DEWEY DECIMAL CLASSIFICATION NUMBER
Edition number 2009
Classification number DFil 796
Item number C68
245 ## - TITLE STATEMENT
Title College physical education 3:
Remainder of title Individual and dual sports/
260 ## - PUBLICATION, DISTRIBUTION, ETC. (IMPRINT)
Place of publication, distribution, etc. Manila:
Name of publisher, distributor, etc. Mindshapers Co.,Inc.,
Date of publication, distribution, etc. c2009.
300 ## - PHYSICAL DESCRIPTION
Extent xii, 170 pages:
Other physical details illustrations;
Dimensions 23 cm.
500 ## - GENERAL NOTE
General note Include references
650 #0 - SUBJECT ADDED ENTRY--TOPICAL TERM
9 (RLIN) 7230
Topical term or geographic name as entry element Sports
700 ## - ADDED ENTRY--PERSONAL NAME
9 (RLIN) 7231
Personal name Dimapilis, Nenita J.
Relator term Author
700 ## - ADDED ENTRY--PERSONAL NAME
9 (RLIN) 7232
Personal name Espeso, Lorna A.
Relator term Author
700 ## - ADDED ENTRY--PERSONAL NAME
9 (RLIN) 7233
Personal name Alvarez, Myrna N.
Relator term Author
700 ## - ADDED ENTRY--PERSONAL NAME
9 (RLIN) 7234
Personal name Ramas, Ariel B.
Relator term Author
365 ## - TRADE PRICE
Price amount 340.00
Currency code Php.
942 ## - ADDED ENTRY ELEMENTS (KOHA)
Source of classification or shelving scheme Dewey Decimal Classification
Koha item type Filipiniana
Holdings
Withdrawn status Lost status Source of classification or shelving scheme Damaged status Not for loan Collection code Home library Current library Shelving location Date acquired Source of acquisition Total Checkouts Full call number Barcode Date last seen Date last checked out Copy number Cost, replacement price Price effective from Koha item type
    Dewey Decimal Classification     Filipiniana UM Digos College - LIC UM Digos College - LIC Book Cart 09/24/2010 Purchased 3 DFil 796 C68 2009 21388 05/15/2025 03/08/2017 2 340.00 05/02/2016 Filipiniana
    Dewey Decimal Classification     Filipiniana UM Digos College - LIC UM Digos College - LIC   09/24/2010 Purchased 1 DFil 796 C68 2009 21387 06/08/2021 03/14/2018 1 340.00 05/02/2016 Filipiniana